| 000 | 00770nam a22002177a 4500 | ||
|---|---|---|---|
| 999 |
_c9108 _d9108 |
||
| 001 | 9108 | ||
| 003 | OSt | ||
| 005 | 20180723192907.0 | ||
| 008 | 180308b2010 bg ||||| |||| 00| 0 ben d | ||
| 035 | _a(BD-JhCC)9108 | ||
| 040 |
_aBD-JhCC _dBD-JhCC |
||
| 041 | _aben | ||
| 082 |
_a330 _bMAJ 2010 |
||
| 100 | _aমজিদ, মোহাম্মদ আবদুল | ||
| 245 |
_aস্বয়ম্ভর বাংলাদেশের প্রত্যাশায়: আমার এন বি আরের দিনগুলি / _c মোহাম্মদ আবদুল মজিদ |
||
| 260 |
_aঢাকা: _bমাওলা ব্রাদার্স _c2010. |
||
| 300 |
_a282 p. : _c24 cm. |
||
| 650 | _aEconomics | ||
| 942 |
_2ddc _cBK |
||